000 00667nam a2200205 a 4500
001 000019929
005 20200929170208.0
008 100709s1976 ve r 000 m spa d
040 _aDO-SdBNP
_bspa
_cBNPHU
082 _aV860.44
_bG373p
100 1 _aGermán Orihuela, Augusto
_942503
245 1 3 _aDe puño y letra :
_basuntos literarios y humanos /
_cAugusto Germán Orihuela.
260 _aCaracas :
_bInstituto Universitario Pedagógico,
_c1976.
300 _a158 p. ;
_c19 cm.
500 _aIncluye notas al pie de las páginas.
650 4 _aEnsayos venezolanos
_94376
650 4 _aDiscursos
_96584
650 4 _aLiteratura venezolana
_93816
049 _aBNGR
999 _c19442
_d19442